| 000 | 01092nam a22003137a 4500 | ||
|---|---|---|---|
| 003 | CHAP | ||
| 005 | 20220329134415.0 | ||
| 008 | 971013s1984 r 00010 d | ||
| 010 | _a20062 | ||
| 011 | _a21034 | ||
| 035 | _a25123 | ||
| 040 | _cCHAP | ||
| 090 | _aTesis | ||
| 100 | 0 | 0 |
_aAnzastiga Alvarez, Paulino. _96173 |
| 245 | _aCorrelación y calibración de métodos químicos para la determinación de fósforo disponible en suelos del estado de Puebla | ||
| 260 |
_aToluca, Méx., : _bEl autor, _c1984 |
||
| 300 |
_a114 h. _b; gráfs |
||
| 502 | _aTesis (Químico) -- Universidad Autónoma del Estado de México. Escuela de Ciencias Químicas | ||
| 590 |
_aALEPH _b10 _c20130110 _lUCH01 _h1243 |
||
| 590 |
_aBATCH-UPD _b10 _c20130110 _lUCH01 _h1522 |
||
| 590 |
_aBATCH-UPD _b10 _c20130410 _lUCH01 _h0933 |
||
| 590 |
_aBATCH-UPD _b10 _c20130914 _lUCH01 _h2036 |
||
| 590 |
_aCONVERSION _b10 _c20130109 _lUCH01 _h1312 |
||
| 650 | 1 | 4 |
_aSuelos _xFósforo en. _9110376 |
| 650 | 1 | 4 |
_aSuelos _xPuebla. _9110466 |
| 901 | _aBK | ||
| 942 | _cTESIS | ||
| 949 |
_bBC _cTES _d-57973 _eTS1 _h18492 _i25123 _si |
||
| 999 |
_c20062 _d20062 |
||